00346nam a2200145Ia 4500003000400000005001700004008004100021040000700062041000800069082001700077100002400094245003000118260004000148365001200188OSt20230530095650.0210423s1999 xx 000 0 und d cAL aeng a170 KAIM223 aKAITHOLIT (George). aMake freedom your target. aMumbaibBetter Yourself Booksc1999 b21cINR